| 000 | 01172cab a2200229 4500 | ||
|---|---|---|---|
| 001 | X3899 | ||
| 008 | 090401t1997 xxu||||| |||| 00| 0 eng d | ||
| 035 | _a(Sirsi) u33655 | ||
| 041 | _aeng | ||
| 245 | _aOxford CC and Builders Ede Ltd | ||
| 260 | _c1997 | ||
| 350 | _a0 | ||
| 490 |
_aPlanning Appeal Decisions _v[1997] 12 PAD 20-26(7) |
||
| 520 | _aDemolition and development of 10 apartments, four houses and two bungalows - existing planning permission - structure and local plans - character and appearance of area - neighbours` quality of life - amenity of future occupants - not incongruous in street scene - not cramped nor overdeveloped site - noise, disturbance and fumes - deciduous trees - amenity space - parking - conditions. Costs - council did not accept officers` recommendation for approval but did produce evidence substantiating its reasons for refusal and delay in their submission. HEADNOTE FROM JOURNAL. | ||
| 650 | _aAMENITY SPACE | ||
| 650 | _aEXISTING PLANNING PERMISSSION | ||
| 650 | _aOXFORD CC AND BUILDERS EDE LTD | ||
| 650 | _aQUALITY OF LIFE | ||
| 690 | _aPLANNING LAW AND PRACTICE-CASE LAW | ||
| 942 | _n0 | ||
| 948 | _c04/03/1997 | ||
| 999 |
_c22443 _d22443 |
||